[Event "EIBCC 2019"]
[Site "Tallinn"]
[Date "2019.12.07"]
[Round "5.31"]
[White "Maier, Christian"]
[Black "Kanep, Siim"]
[Result "1/2-1/2"]
[WhiteElo "2366"]
[BlackElo "2166"]
[Annotator "ChessBase"]
[PlyCount "127"]
[EventDate "2019.12.06"]
[EventType "swiss"]
[EventCountry "EST"]
[SourceTitle "playchess.com"]
[Source "ChessBase"]
[SourceQuality "1"]

1. e4 c5 2. Nf3 d6 3. Bb5+ Nd7 4. c3 Ngf6 5. d3 a6 6. Ba4 g6 7. O-O Bg7 8. Re1 O-O 9. h3 b5 10. Bc2 Bb7 11. d4 cxd4 12. cxd4 Rc8 13. Nc3 Nb6 14. Bd3 Nfd7 15. Bg5 Re8 16. Rc1 Nc4 17. Qe2 Qa5 18. b3 Ncb6 19. Bd2 b4 20. Nb1 Qxa2 21. Bxb4 Qxe2 22. Bxe2 Bh6 23. Bd2 Bxd2 24. Nbxd2 Nf6 25. Bd3 Kf8 26. g3 Rxc1 27. Rxc1 Rc8 28. Rxc8+ Bxc8 29. Ne1 Bb7 30. Nc2 Ke8 31. f3 Kd7 32. Kf2 Ne8 33. f4 Nc7 34. Ke3 Kd8 35. h4 Nd7 36. Be2 Nf6 37. Bf3 h5 38. Nc4 Bxe4 39. Bxe4 Nxe4 40. Kxe4 d5+ 41. Kd3 dxc4+ 42. Kxc4 Kd7 43. Kc5 Ne6+ 44. Kb6 Nc7 45. Ne3 Nb5 46. Kxa6 Nxd4 47. b4 e5 48. fxe5 Ke6 49. b5 Kxe5 50. b6 Ke4 51. b7 Nc6 52. Kb6 Nb8 53. Nc4 Kd5 54. Na5 Kd6 55. Nb3 Nd7+ 56. Ka7 Kc7 57. Nc5 Nb8 58. Na6+ Nxa6 59. Kxa6 Kb8 60. Kb6 f6 61. Kc6 g5 62. Kd6 gxh4 63. gxh4 f5 64. Ke5 1/2-1/2

[Event "EIBCC 2019"]
[Site "Tallinn"]
[Date "2019.12.07"]
[Round "5.32"]
[White "Duzhakov, Ilya"]
[Black "Ristoja, Samu"]
[Result "1-0"]
[WhiteElo "2346"]
[BlackElo "2165"]
[Annotator "NA"]
[PlyCount "86"]
[EventDate "2019.12.06"]
[EventType "swiss"]
[EventCountry "EST"]
[SourceTitle "playchess.com"]
[Source "ChessBase"]
[SourceQuality "1"]

1. d4 Nf6 2. c4 d6 3. Nc3 e5 4. Nf3 exd4 5. Nxd4 Be7 6. g3 Bd7 7. Bg2 Nc6 8. O-O O-O 9. b3 Nxd4 10. Qxd4 Bc6 11. e4 Nd7 12. Bb2 Bf6 13. Qd2 a5 14. Rfe1 Re8 15. f4 Nc5 16. Rad1 Qc8 17. h3 h6 18. Kh2 Ra6 19. Qc2 Ra8 20. a3 b6 21. b4 axb4 22. axb4 Ne6 23. Nd5 Bxb2 24. Qxb2 Nf8 25. e5 Bxd5 26. Bxd5 c6 27. Bg2 dxe5 28. fxe5 Ra7 29. Rd6 Rae7 30. Rxc6 Qf5 31. Rxb6 Rxe5 32. Rxe5 Rxe5 33. Rd6 Re3 34. Rd5 Qe6 35. Qf2 Ng6 36. Rd2 Qe5 37. b5 Nh4 38. b6 Nf5 39. Qf4 Qxf4 40. gxf4 Rb3 41. b7 Kh7 42. Rd8 Ne3 43. b8=Q Rb5 1-0

[Event "EIBCC 2019"]
[Site "Tallinn"]
[Date "2019.12.07"]
[Round "5.33"]
[White "Ladopoulos, Dimitrios"]
[Black "Mickevicius, Juras"]
[Result "1/2-1/2"]
[WhiteElo "2151"]
[BlackElo "2295"]
[Annotator "NA"]
[PlyCount "89"]
[EventDate "2019.12.06"]
[EventType "swiss"]
[EventCountry "EST"]
[SourceTitle "playchess.com"]
[Source "ChessBase"]
[SourceQuality "1"]

1. Nf3 Nf6 2. d4 e6 3. g3 b6 4. Bg2 Bb7 5. O-O Be7 6. c4 O-O 7. Re1 d5 8. Ne5 c6 9. Nc3 Nbd7 10. cxd5 cxd5 11. Nd3 Rc8 12. Bf4 a6 13. Rc1 b5 14. b4 Ne4 15. Nxe4 dxe4 16. Nc5 Nxc5 17. dxc5 Bd5 18. Qc2 f5 19. Be5 Bf6 20. Bxf6 Qxf6 21. a4 Rfd8 22. Red1 Bc6 23. a5 Rd5 24. Rxd5 exd5 25. e3 Rd8 26. Rd1 h5 27. Rd4 h4 28. Qd1 Qg5 29. Qe1 Kf7 30. Qe2 hxg3 31. hxg3 Rh8 32. Qd2 Ke6 33. Qb2 Qh6 34. Rd2 g5 35. Qd4 Rh7 36. Rd1 Qf6 37. Qxf6+ Kxf6 38. Rd4 Ke5 39. f4+ exf3 40. Bxf3 Rf7 41. Kf2 Rh7 42. Kg1 Rh8 43. Bg2 Rh7 44. Kf2 Rh8 45. Kg1 1/2-1/2

[Event "EIBCC 2019"]
[Site "Tallinn"]
[Date "2019.12.07"]
[Round "5.34"]
[White "Yuffa, Daniil"]
[Black "Nazarova, Anastasia"]
[Result "1-0"]
[WhiteElo "2582"]
[BlackElo "2049"]
[Annotator "ChessBase"]
[PlyCount "81"]
[EventDate "2019.12.06"]
[EventType "swiss"]
[EventCountry "EST"]
[SourceTitle "playchess.com"]
[Source "ChessBase"]
[SourceQuality "1"]

1. d4 d5 2. Bf4 Nf6 3. e3 c5 4. c3 Nc6 5. Nd2 Bf5 6. Qb3 Qb6 7. dxc5 Qxb3 8. axb3 e5 9. Bg3 Bxc5 10. b4 Bd6 11. Ngf3 Nd7 12. Nd4 Nxd4 13. exd4 f6 14. Bb5 O-O 15. O-O a6 16. Bxd7 Bxd7 17. Nf3 Rfe8 18. Rfe1 e4 19. Nd2 Bxg3 20. hxg3 Bb5 21. Ra5 Rac8 22. Nf1 Bxf1 23. Kxf1 Rcd8 24. Rc5 Rd7 25. g4 g6 26. Ke2 Kf7 27. Ke3 f5 28. gxf5 gxf5 29. Rh1 Kg6 30. g3 h6 31. b5 axb5 32. Rxb5 Ra8 33. Rb6+ Kg7 34. Rhxh6 Rh8 35. Rxh8 Kxh8 36. Rf6 b5 37. Rxf5 b4 38. cxb4 Rb7 39. Rxd5 Rxb4 40. Kxe4 Rxb2 41. f4 1-0

[Event "EIBCC 2019"]
[Site "Tallinn"]
[Date "2019.12.07"]
[Round "5.35"]
[White "Buchicchio, Giampaolo"]
[Black "Sanal, Vahap"]
[Result "0-1"]
[WhiteElo "2201"]
[BlackElo "2563"]
[Annotator "ChessBase"]
[PlyCount "39"]
[EventDate "2019.12.06"]
[EventType "swiss"]
[EventCountry "EST"]
[SourceTitle "playchess.com"]
[Source "ChessBase"]
[SourceQuality "1"]

1. e4 c5 2. c3 Nf6 3. e5 Nd5 4. d4 cxd4 5. Nf3 d6 6. cxd4 Nc6 7. Bc4 e6 8. O-O Be7 9. Qe2 dxe5 10. dxe5 O-O 11. Nc3 Qa5 12. Bd3 Rd8 13. Rb1 Qc7 14. Re1 b6 15. Bg5 Bb7 16. Qe4 g6 17. Re3 Nxe5 18. Qh4 Nxf3+ 19. gxf3 Bxg5 20. Qxg5 0-1

[Event "EIBCC 2019"]
[Site "Tallinn"]
[Date "2019.12.07"]
[Round "5.36"]
[White "Babanin, Gleb"]
[Black "Lintchevski, Daniil"]
[Result "0-1"]
[WhiteElo "2201"]
[BlackElo "2553"]
[Annotator "ChessBase"]
[PlyCount "92"]
[EventDate "2019.12.06"]
[EventType "swiss"]
[EventCountry "EST"]
[SourceTitle "playchess.com"]
[Source "ChessBase"]
[SourceQuality "1"]

1. e4 c5 2. Nf3 Nc6 3. Nc3 e6 4. d4 cxd4 5. Nxd4 Nf6 6. Nxc6 bxc6 7. e5 Nd5 8. Ne4 Bb7 9. Be2 c5 10. O-O Qc7 11. Nd6+ Bxd6 12. exd6 Qc6 13. f3 c4 14. Qd4 O-O 15. Bxc4 Rfc8 16. Bb3 Qxd6 17. c3 Qb6 18. Qxb6 Nxb6 19. Bf4 d5 20. Rad1 Ba6 21. Rfe1 Bc4 22. Kf2 a5 23. Bxc4 Nxc4 24. b3 Nb6 25. Be5 Nd7 26. Bd4 Rc6 27. f4 f6 28. Re2 Kf7 29. Rde1 h5 30. h3 h4 31. Kf3 Rh8 32. Kg4 Nf8 33. Rc2 Ng6 34. Bf2 e5 35. f5 Ne7 36. c4 d4 37. Rd1 g6 38. fxg6+ Nxg6 39. a3 Nf4 40. Bxd4 Rg8+ 41. Kf3 Rg3+ 42. Ke4 Ke6 43. Bxe5 fxe5 44. b4 axb4 45. axb4 Rb3 46. b5 Rxb5 0-1

[Event "EIBCC 2019"]
[Site "Tallinn"]
[Date "2019.12.07"]
[Round "6.1"]
[White "Andriasian, Zaven"]
[Black "Kozak, Adam"]
[Result "1-0"]
[WhiteElo "2766"]
[BlackElo "2385"]
[Annotator "TA"]
[PlyCount "143"]
[EventDate "2019.12.06"]
[EventType "swiss"]
[EventCountry "EST"]
[SourceTitle "playchess.com"]
[Source "ChessBase"]
[SourceQuality "1"]

1. e4 e5 2. Nf3 Nc6 3. Bc4 Bc5 4. c3 Nf6 5. d3 d6 6. Nbd2 a5 7. O-O O-O 8. h3 h6 9. Re1 Be6 10. Bb5 Qb8 11. Bxc6 bxc6 12. Nh2 Qa7 13. Qf3 Nh7 14. Qg3 Kh8 15. Ndf3 f5 16. exf5 Bxf5 17. Rd1 Nf6 18. d4 exd4 19. cxd4 Bb6 20. Be3 Nd5 21. Ng4 Nxe3 22. fxe3 c5 23. Qh4 cxd4 24. exd4 c5 25. Ne3 cxd4 26. Nxd4 Rae8 27. Nexf5 Rxf5 28. Kh1 Bxd4 29. Rxd4 Ref8 30. Rdd1 Rf2 31. b3 Qb7 32. Qg3 R8f6 33. Rxd6 Rf8 34. Rad1 Qa7 35. Kh2 Qc5 36. Rd7 Rg8 37. R1d5 Qc2 38. Rc7 Qxa2 39. Rd6 Qb2 40. Rcc6 Rf7 41. Rg6 Qd4 42. Rc4 Qd8 43. Rh4 Kh7 44. Rhg4 Qb8 45. Rxg7+ Rfxg7 46. Rxg7+ Kh8 47. Rxg8+ Qxg8 48. Qe5+ Kh7 49. Qc7+ Kh8 50. Qc3+ Kh7 51. Qc7+ Kh8 52. Qe5+ Kh7 53. Qf5+ Kh8 54. Qf3 Qb8+ 55. g3 Qd6 56. Qc3+ Kh7 57. h4 Qd5 58. Qe3 h5 59. Kg1 Qf5 60. Qc3 Qb1+ 61. Kf2 Qf5+ 62. Ke3 Kg8 63. Qc4+ Kh8 64. Qd4+ Kg8 65. Qd8+ Kf7 66. Qc7+ Kg8 67. Qc4+ Kh8 68. Qe4 Qb5 69. Qd4+ Kh7 70. Qd3+ Qxd3+ 71. Kxd3 Kg7 72. Ke4 1-0

[Event "EIBCC 2019"]
[Site "Tallinn"]
[Date "2019.12.07"]
[Round "6.2"]
[White "Kourousis, Epaminondas"]
[Black "Morozevich, Alexander"]
[Result "0-1"]
[WhiteElo "2366"]
[BlackElo "2712"]
[Annotator "TA"]
[PlyCount "70"]
[EventDate "2019.12.06"]
[EventType "swiss"]
[EventCountry "EST"]
[SourceTitle "playchess.com"]
[Source "ChessBase"]
[SourceQuality "1"]

1. d4 e6 2. Nf3 c5 3. c4 cxd4 4. Nxd4 Nf6 5. g3 Qc7 6. b3 Bb4+ 7. Bd2 Bc5 8. Nf3 Ne4 9. e3 b6 10. Bg2 Bb7 11. O-O O-O 12. Nc3 a6 13. Rc1 f5 14. Nd4 Nxd2 15. Bxb7 Qxb7 16. Qxd2 Nc6 17. Nxc6 Qxc6 18. Rfd1 Rad8 19. Na4 Ba3 20. Rc2 g5 21. Qe2 f4 22. exf4 gxf4 23. Qg4+ Kh8 24. Rcd2 Rf7 25. Qg5 Be7 26. Qe5+ Kg8 27. Qd4 b5 28. Nc3 Bc5 29. Qe4 Qb6 30. cxb5 fxg3 31. hxg3 axb5 32. Rf1 Rdf8 33. Qg4+ Rg7 34. Qh3 Qc6 35. Qg2 Qc7 0-1

[Event "EIBCC 2019"]
[Site "Tallinn"]
[Date "2019.12.07"]
[Round "6.3"]
[White "Mamedov, Rauf"]
[Black "Vorobjov, Pavel"]
[Result "1-0"]
[WhiteElo "2670"]
[BlackElo "2362"]
[Annotator "ChessBase"]
[PlyCount "65"]
[EventDate "2019.12.06"]
[EventType "swiss"]
[EventCountry "EST"]
[SourceTitle "playchess.com"]
[Source "ChessBase"]
[SourceQuality "1"]

1. e4 c5 2. c3 Nf6 3. e5 Nd5 4. Nf3 Nc6 5. Bc4 Nb6 6. Bb3 c4 7. Bc2 Qc7 8. O-O Nxe5 9. Nxe5 Qxe5 10. a4 d5 11. a5 Nd7 12. Re1 Qc7 13. d3 cxd3 14. Qxd3 e6 15. Qxd5 Bd6 16. Qh5 Nf6 17. Qh4 Bd7 18. Na3 Qxa5 19. Nc4 Qc7 20. Nxd6+ Qxd6 21. Bf4 Qb6 22. Be5 Qxb2 23. Bd3 Bc6 24. Qg3 Nd7 25. Bd6 Qd2 26. Bf4 Qxc3 27. Rxe6+ Kf8 28. Ree1 Qf6 29. Rxa7 Rc8 30. Ra2 h6 31. Rae2 g5 32. Bc1 Rg8 33. Bb2 1-0

[Event "EIBCC 2019"]
[Site "Tallinn"]
[Date "2019.12.07"]
[Round "6.4"]
[White "Seeman, Tarvo"]
[Black "Riazantsev, Alexander"]
[Result "0-1"]
[WhiteElo "2358"]
[BlackElo "2635"]
[Annotator "ChessBase"]
[PlyCount "65"]
[EventDate "2019.12.06"]
[EventType "swiss"]
[EventCountry "EST"]
[SourceTitle "playchess.com"]
[Source "ChessBase"]
[SourceQuality "1"]

1. Nf3 d5 2. g3 Nd7 3. c4 dxc4 4. Na3 Nb6 5. Nxc4 Nxc4 6. Qa4+ c6 7. Qxc4 Nf6 8. Bg2 g6 9. Ng5 e6 10. b3 Bg7 11. Bb2 O-O 12. Qc2 Re8 13. O-O e5 14. d3 h6 15. Ne4 Nxe4 16. Bxe4 Bh3 17. Rfe1 f5 18. Bh1 Kh7 19. b4 a6 20. a4 Qd7 21. Qb3 f4 22. Rac1 Be6 23. Qc2 Rac8 24. Rcd1 Bd5 25. Be4 Qe6 26. Ra1 Rf8 27. Qc5 Rf7 28. b5 Bxe4 29. dxe4 cxb5 30. Qd5 Qb6 31. e3 fxe3 32. fxe3 Rf3 33. a5 0-1

[Event "EIBCC 2019"]
[Site "Tallinn"]
[Date "2019.12.07"]
[Round "6.5"]
[White "Demidov, Mikhail"]
[Black "Papasimakopoulos, Alexandros"]
[Result "1-0"]
[WhiteElo "2631"]
[BlackElo "2356"]
[Annotator "ChessBase"]
[PlyCount "41"]
[EventDate "2019.12.06"]
[EventType "swiss"]
[EventCountry "EST"]
[SourceTitle "playchess.com"]
[Source "ChessBase"]
[SourceQuality "1"]

1. e4 e6 2. d4 d5 3. Nd2 Nf6 4. e5 Nfd7 5. Bd3 c5 6. c3 Nc6 7. Ndf3 f6 8. Ng5 Ndxe5 9. dxe5 Nxe5 10. Bb5+ Bd7 11. Nxe6 Qe7 12. Bxd7+ Nxd7 13. Qe2 Kf7 14. Nc7 Qd8 15. Qe6+ Kg6 16. Nxa8 Ne5 17. Nf3 Bd6 18. Nxe5+ Bxe5 19. O-O Re8 20. Qg4+ Kf7 21. Bf4 1-0

[Event "EIBCC 2019"]
[Site "Tallinn"]
[Date "2019.12.07"]
[Round "6.6"]
[White "Lysyj, Igor"]
[Black "Blohberger, Felix"]
[Result "0-1"]
[WhiteElo "2600"]
[BlackElo "2330"]
[Annotator "ChessBase"]
[PlyCount "90"]
[EventDate "2019.12.06"]
[EventType "swiss"]
[EventCountry "EST"]
[SourceTitle "playchess.com"]
[Source "ChessBase"]
[SourceQuality "1"]

1. d4 f5 2. g3 Nf6 3. Bg2 g6 4. Nd2 d5 5. Ndf3 Bg7 6. Nh3 Nc6 7. Nf4 Ne4 8. h4 e6 9. h5 g5 10. h6 Bf6 11. Nh5 Be7 12. Ng7+ Kf7 13. e3 Bf6 14. Nh5 g4 15. Nd2 Bg5 16. Nxe4 dxe4 17. Nf4 Ne7 18. c4 Ng6 19. Nh5 b6 20. b3 Bb7 21. Bb2 Re8 22. Ng7 Re7 23. d5 Bc8 24. dxe6+ Bxe6 25. Qc2 c5 26. Rd1 Qc7 27. Qc3 Rd8 28. Rxd8 Qxd8 29. Nxe6 Kxe6 30. Ke2 Rd7 31. Qc2 Bf6 32. Bxe4 fxe4 33. Qxe4+ Kf7 34. Bxf6 Rd2+ 35. Kf1 Qxf6 36. Rh2 Qf3 37. Qxf3+ gxf3 38. Ke1 Re2+ 39. Kd1 Rxa2 40. Rh5 Rxf2 41. Rf5+ Ke6 42. g4 Ne5 43. Ke1 Re2+ 44. Kf1 Rxe3 45. Rf8 Nxg4 0-1

[Event "EIBCC 2019"]
[Site "Tallinn"]
[Date "2019.12.07"]
[Round "6.7"]
[White "Ahvenjarvi, Jani"]
[Black "Guseinov, Gadir"]
[Result "0-1"]
[WhiteElo "2325"]
[BlackElo "2593"]
[Annotator "ChessBase"]
[PlyCount "145"]
[EventDate "2019.12.06"]
[EventType "swiss"]
[EventCountry "EST"]
[SourceTitle "playchess.com"]
[Source "ChessBase"]
[SourceQuality "1"]

1. e4 c5 2. Nf3 g6 3. d4 cxd4 4. Nxd4 Nc6 5. c4 Nf6 6. Nc3 Nxd4 7. Qxd4 d6 8. Be3 Bg7 9. f3 O-O 10. Qd2 a5 11. b3 a4 12. b4 Be6 13. Rc1 Rc8 14. Nxa4 Nd7 15. Be2 Ne5 16. Nb6 Rc6 17. Nd5 Ra6 18. O-O Ra3 19. Bd4 Bxd5 20. cxd5 Qa8 21. Rc2 Rc8 22. Rxc8+ Qxc8 23. Rc1 Nxf3+ 24. gxf3 Bxd4+ 25. Kg2 Bc3 26. Qb2 Bxb2 27. Rxc8+ Kg7 28. Rc7 b6 29. Rxe7 Bf6 30. Rc7 Rxa2 31. Kf1 Ra1+ 32. Kg2 Ra2 33. Kf1 Be5 34. h3 Rb2 35. b5 Bd4 36. Rd7 Bc5 37. f4 Kf6 38. e5+ dxe5 39. fxe5+ Kxe5 40. Rxf7 h6 41. Bd3 g5 42. Rh7 Kd4 43. Be2 Ke3 44. Bg4 Rf2+ 45. Ke1 Bb4+ 46. Kd1 Rd2+ 47. Kc1 Rxd5 48. Rxh6 Rxb5 49. Kc2 Rc5+ 50. Kb3 Ba5 51. Re6+ Kf4 52. Rf6+ Kg3 53. Rf5 Rc3+ 54. Ka4 Rc4+ 55. Kb3 Rxg4 56. hxg4 Kxg4 57. Rf8 Kh3 58. Kc2 g4 59. Rh8+ Kg2 60. Kd3 g3 61. Ke2 Bb4 62. Rb8 Bc5 63. Rb7 Bf2 64. Rb8 Kg1 65. Kf3 Kf1 66. Rg8 b5 67. Rg4 Be1 68. Ke3 g2 69. Kd4 g1=Q+ 70. Rxg1+ Kxg1 71. Kc5 b4 72. Kc4 Kf2 73. Kd4 0-1

[Event "EIBCC 2019"]
[Site "Tallinn"]
[Date "2019.12.07"]
[Round "6.8"]
[White "Saric, Ante"]
[Black "Kukk, Sander"]
[Result "1-0"]
[WhiteElo "2577"]
[BlackElo "2312"]
[Annotator "ChessBase"]
[PlyCount "81"]
[EventDate "2019.12.06"]
[EventType "swiss"]
[EventCountry "EST"]
[SourceTitle "playchess.com"]
[Source "ChessBase"]
[SourceQuality "1"]

1. Nf3 g6 2. g3 Bg7 3. d4 Nf6 4. Bg2 O-O 5. c4 d6 6. O-O Nc6 7. Nc3 e5 8. dxe5 Nxe5 9. b3 Qe7 10. Bg5 c6 11. Qd2 Bf5 12. Nd4 Bd7 13. Rad1 Rad8 14. h3 Bc8 15. Bh6 Rfe8 16. Bxg7 Kxg7 17. f4 Ned7 18. e4 Nc5 19. Rde1 Ne6 20. Nf5+ gxf5 21. exf5 Qf8 22. fxe6 fxe6 23. g4 d5 24. g5 Nd7 25. Qd4+ Kg8 26. cxd5 exd5 27. Nxd5 Qg7 28. Qxg7+ Kxg7 29. Ne7 Nc5 30. f5 Kf7 31. f6 Rd3 32. h4 Rg3 33. Nxc8 Rxc8 34. Re7+ Kg6 35. Kh2 Rd3 36. Rg7+ Kh5 37. Rxh7+ Kg4 38. f7 Ne6 39. Rh6 Nf4 40. Rxf4+ Kxf4 41. Rf6+ 1-0

[Event "EIBCC 2019"]
[Site "Tallinn"]
[Date "2019.12.07"]
[Round "6.9"]
[White "Khakimov, Timur"]
[Black "Hjartarson, Johann"]
[Result "1/2-1/2"]
[WhiteElo "2287"]
[BlackElo "2559"]
[Annotator "ChessBase"]
[PlyCount "139"]
[EventDate "2019.12.06"]
[EventType "swiss"]
[EventCountry "EST"]
[SourceTitle "playchess.com"]
[Source "ChessBase"]
[SourceQuality "1"]

1. d4 Nf6 2. Bg5 g6 3. Bxf6 exf6 4. e3 Bg7 5. Nd2 O-O 6. Ne2 f5 7. g3 d6 8. Bg2 c5 9. O-O Nc6 10. c3 Re8 11. Nf4 Rb8 12. Rc1 Ne7 13. dxc5 dxc5 14. Nc4 Qc7 15. Qd6 Qxd6 16. Nxd6 Rd8 17. Rfd1 b6 18. Nxc8 Rbxc8 19. Kf1 Kf8 20. Ke2 c4 21. Nd5 Nxd5 22. Rxd5 Rxd5 23. Bxd5 b5 24. a4 bxa4 25. Ra1 Rc5 26. Ba8 Rb5 27. Ra2 a3 28. Rxa3 Rxb2+ 29. Kf3 Rc2 30. Rxa7 Bxc3 31. Bd5 Be1 32. Rxf7+ Ke8 33. Kg2 c3 34. Rxh7 Rxf2+ 35. Kh3 Kd8 36. Be6 Bd2 37. Rd7+ Ke8 38. Rc7 Kf8 39. Rf7+ Ke8 40. Rc7 Be1 41. g4 Rf3+ 42. Kg2 fxg4 43. e4 Re3 44. Bf7+ Kd8 45. Rc4 g3 46. hxg3 Rxg3+ 47. Kf1 Bd2 48. Ke2 g5 49. e5 Re3+ 50. Kf1 Rxe5 51. Bg6 g4 52. Rxg4 Ke7 53. Bc2 Kf6 54. Kf2 Re1 55. Rg1 Re8 56. Rf1 Ke5 57. Ke2 Kd4+ 58. Kd1 Ra8 59. Ke2 Ra2 60. Bh7 Be3+ 61. Kf3 Rh2 62. Rd1+ Bd2 63. Bc2 Kc4 64. Ra1 Kb4 65. Ra4+ Kb5 66. Re4 Bh6 67. Bd3+ Ka5 68. Rc4 Bd2 69. Ke4 Rh4+ 70. Kd5 1/2-1/2

[Event "EIBCC 2019"]
[Site "Tallinn"]
[Date "2019.12.07"]
[Round "6.10"]
[White "Kanep, Meelis"]
[Black "Popov, Valerij"]
[Result "1-0"]
[WhiteElo "2280"]
[BlackElo "2547"]
[Annotator "ChessBase"]
[PlyCount "57"]
[EventDate "2019.12.06"]
[EventType "swiss"]
[EventCountry "EST"]
[SourceTitle "playchess.com"]
[Source "ChessBase"]
[SourceQuality "1"]

1. d4 d5 2. c4 e6 3. Nf3 Nd7 4. cxd5 exd5 5. Nc3 Ngf6 6. Bf4 c6 7. e3 Nh5 8. Be5 Nhf6 9. Bg3 Bb4 10. Bd3 Ne4 11. Qc2 Nxg3 12. hxg3 h6 13. O-O-O Nf6 14. Ne5 Be6 15. Kb1 a5 16. f3 Bd6 17. g4 Nd7 18. f4 Bxe5 19. fxe5 Bxg4 20. Rdf1 Qe7 21. e4 dxe4 22. Nxe4 O-O 23. Rf4 Be6 24. Nf6+ gxf6 25. Rxh6 fxe5 26. Rfh4 Qg5 27. Qf2 f6 28. Rg6+ Qxg6 29. Bxg6 1-0

[Event "EIBCC 2019"]
[Site "Tallinn"]
[Date "2019.12.07"]
[Round "6.11"]
[White "Ruck, Robert"]
[Black "Nazaretyan, Tigran"]
[Result "1-0"]
[WhiteElo "2541"]
[BlackElo "2277"]
[Annotator "ChessBase"]
[PlyCount "84"]
[EventDate "2019.12.06"]
[EventType "swiss"]
[EventCountry "EST"]
[SourceTitle "playchess.com"]
[Source "ChessBase"]
[SourceQuality "1"]

1. Nf3 Nf6 2. c4 d6 3. d4 Nbd7 4. Nc3 e5 5. g3 c6 6. Bg2 Be7 7. O-O e4 8. Ne1 d5 9. Nc2 O-O 10. Bg5 h6 11. Bxf6 Nxf6 12. Ne3 Be6 13. cxd5 cxd5 14. Qb3 Qd7 15. f3 Rac8 16. Rad1 exf3 17. exf3 a6 18. f4 Ng4 19. Nxg4 Bxg4 20. Rd2 Bh3 21. Bxh3 Qxh3 22. Qxb7 Rfe8 23. Nxd5 Bf8 24. Qxa6 Rcd8 25. Nc3 Re3 26. Qc6 h5 27. Qg2 Qg4 28. Nd1 Re6 29. Nf2 Qf5 30. Qh3 Qa5 31. Rfd1 Rde8 32. Nd3 g6 33. f5 Re2 34. Rxe2 Rxe2 35. Qf1 Rc2 36. fxg6 fxg6 37. Ne5 Qd5 38. Qf3 Qxa2 39. Qd3 Qxb2 40. Qxg6+ Bg7 41. Qf7+ Kh7 42. Qxh5+ Kg8 1-0

[Event "EIBCC 2019"]
[Site "Tallinn"]
[Date "2019.12.07"]
[Round "6.13"]
[White "Reizniece-Ozola, Dana"]
[Black "Usmanov, Vasily"]
[Result "1-0"]
[WhiteElo "2275"]
[BlackElo "2495"]
[Annotator "ChessBase"]
[PlyCount "108"]
[EventDate "2019.12.06"]
[EventType "swiss"]
[EventCountry "EST"]
[SourceTitle "playchess.com"]
[Source "ChessBase"]
[SourceQuality "1"]

1. c4 e6 2. Nf3 d5 3. g3 dxc4 4. Qa4+ Bd7 5. Qxc4 c5 6. Bg2 Bc6 7. O-O Nd7 8. d4 Ngf6 9. Nc3 Rc8 10. Rd1 Nb6 11. Qb3 c4 12. Qc2 Bb4 13. Bg5 Bxc3 14. Qxc3 Ne4 15. Bxd8 Nxc3 16. bxc3 Kxd8 17. Rab1 Ke7 18. Ne5 Bxg2 19. Kxg2 f6 20. Nf3 Rc7 21. e4 Rd8 22. Nd2 Na4 23. Rdc1 a6 24. f4 b5 25. a3 h6 26. Rc2 g5 27. Re1 Kf7 28. f5 exf5 29. exf5 Rd5 30. Ne4 Re7 31. Rce2 Rxe4 32. Rxe4 Rxf5 33. Re8 h5 34. R1e7+ Kg6 35. h3 g4 36. hxg4 hxg4 37. Rg8+ Kh6 38. Rxg4 Nxc3 39. Re8 Kh7 40. Re1 Rh5 41. Re3 Nd5 42. Re8 c3 43. Rge4 a5 44. Rb8 b4 45. axb4 axb4 46. Kf3 Rh1 47. Ree8 Kg6 48. Rg8+ Kf5 49. g4+ Ke6 50. Rge8+ Kd6 51. Red8+ Kc6 52. Rdc8+ Nc7 53. Rxb4 Kd7 54. Rxc7+ Kd6 1-0

[Event "EIBCC 2019"]
[Site "Tallinn"]
[Date "2019.12.07"]
[Round "6.14"]
[White "Potapov, Pavel"]
[Black "Valner, Uku"]
[Result "0-1"]
[WhiteElo "2464"]
[BlackElo "2274"]
[Annotator "ChessBase"]
[PlyCount "80"]
[EventDate "2019.12.06"]
[EventType "swiss"]
[EventCountry "EST"]
[SourceTitle "playchess.com"]
[Source "ChessBase"]
[SourceQuality "1"]

1. e4 e6 2. d4 d5 3. e5 c5 4. c3 Qb6 5. Nf3 Nc6 6. a3 Nh6 7. b4 cxd4 8. Bxh6 gxh6 9. cxd4 Bd7 10. Ra2 a5 11. b5 Ne7 12. a4 Ng6 13. Bd3 Nf4 14. O-O Rc8 15. g3 Nxd3 16. Qxd3 Bg7 17. Nc3 O-O 18. Ne2 f6 19. exf6 Bxf6 20. Nf4 Rc4 21. Rd1 Qc7 22. Nh5 Bh8 23. Ra3 Be8 24. Nf4 Rxf4 25. gxf4 Qxf4 26. Qe3 Qg4+ 27. Kh1 Bg6 28. Rg1 Qh3 29. Qf4 Bxd4 30. Qb8+ Kg7 31. Qxb7+ Kf6 32. Qb8 Kg7 33. Qb7+ Kf6 34. Qb8 Kg7 35. Nxd4 Qxa3 36. Qe5+ Kf8 37. Nxe6+ Kf7 38. Nd4 Be4+ 39. f3 Bxf3+ 40. Nxf3 Qxf3+ 0-1

[Event "EIBCC 2019"]
[Site "Tallinn"]
[Date "2019.12.07"]
[Round "6.15"]
[White "Shvyrjov, Igor"]
[Black "Ladva, Ottomar"]
[Result "0-1"]
[WhiteElo "2273"]
[BlackElo "2457"]
[Annotator "ChessBase"]
[PlyCount "124"]
[EventDate "2019.12.06"]
[EventType "swiss"]
[EventCountry "EST"]
[SourceTitle "playchess.com"]
[Source "ChessBase"]
[SourceQuality "1"]

1. d4 d5 2. Nf3 Nf6 3. c3 c5 4. dxc5 g6 5. Bf4 Bg7 6. Nbd2 O-O 7. Bxb8 Rxb8 8. e3 Qc7 9. b4 Bg4 10. Be2 e6 11. Rc1 Bxf3 12. Bxf3 Nd7 13. O-O b6 14. cxb6 Nxb6 15. Qb3 Rfc8 16. Be2 a5 17. Ba6 Rd8 18. a3 Qa7 19. Bb5 Rdc8 20. a4 Rc7 21. c4 dxc4 22. Nxc4 axb4 23. Nxb6 Rxc1 24. Rxc1 Qxb6 25. Qxb4 Bf8 26. Qc4 Rd8 27. g3 h5 28. h4 Qa5 29. Kg2 Qd2 30. Qc2 Qb4 31. Rd1 Rxd1 32. Qxd1 Bc5 33. Qf3 Kg7 34. Be8 f5 35. Bd7 Kf6 36. Bb5 Qc3 37. Qa8 Kf7 38. Qe8+ Kg7 39. Qd7+ Kf6 40. Qd8+ Kf7 41. Qd7+ Kf6 42. Qc8 Bb4 43. Qh8+ Kf7 44. Qh7+ Qg7 45. Be8+ Kf6 46. Qxg7+ Kxg7 47. Kf3 Kf6 48. Ke2 e5 49. f3 Ba5 50. Bd7 Bb4 51. g4 fxg4 52. fxg4 hxg4 53. Bxg4 Ba5 54. Kf3 Bb4 55. Ke4 Be1 56. h5 gxh5 57. Bxh5 Ke6 58. Kd3 Kd6 59. Kc4 Bd2 60. e4 Kc6 61. Be8+ Kb6 62. Kd5 Bc3 0-1

[Event "EIBCC 2019"]
[Site "Tallinn"]
[Date "2019.12.07"]
[Round "6.16"]
[White "Luukkonen, Tommi"]
[Black "Frischmann, Rick"]
[Result "1-0"]
[WhiteElo "2269"]
[BlackElo "2450"]
[Annotator "ChessBase"]
[PlyCount "121"]
[EventDate "2019.12.06"]
[EventType "swiss"]
[EventCountry "EST"]
[SourceTitle "playchess.com"]
[Source "ChessBase"]
[SourceQuality "1"]

1. e4 c5 2. Nf3 e6 3. d4 cxd4 4. Nxd4 a6 5. Bd3 Qc7 6. O-O g6 7. c4 Bg7 8. Nf3 Ne7 9. Nc3 O-O 10. Qe2 Nbc6 11. Bg5 h6 12. Bh4 d6 13. Rfd1 Ne5 14. Rac1 b6 15. b3 Bb7 16. Bb1 g5 17. Bg3 N7g6 18. Nd4 Rad8 19. f3 Qb8 20. Na4 Ba8 21. Bf2 Nf4 22. Qd2 b5 23. cxb5 axb5 24. Nc3 b4 25. Na4 d5 26. exd5 Bxd5 27. Qc2 f5 28. Nc5 Qa8 29. Bg3 Neg6 30. Qf2 h5 31. h4 gxh4 32. Bxf4 Nxf4 33. Ne2 Ng6 34. Na4 Qb7 35. Nc5 Qe7 36. Nd3 h3 37. Nef4 Nxf4 38. Nxf4 h2+ 39. Kh1 Bb7 40. Qg3 Qf7 41. Bd3 Kh7 42. Bc4 Rde8 43. Rd6 Be5 44. Rb6 Rg8 45. Qh4 Bxf4 46. Qxf4 Qg7 47. Qxh2 Ba8 48. Qxh5+ Qh6 49. Qxh6+ Kxh6 50. Bxe6 Rg6 51. Bf7 Rxb6 52. Bxe8 Kg5 53. Kh2 Kf4 54. Rc4+ Ke3 55. Kg1 Bd5 56. Rc1 f4 57. Rd1 Be6 58. Bg6 Ra6 59. Bh7 Bf7 60. Kf1 Rxa2 61. Rd3# 1-0